How to Laugh Online in 28 Languages? - Statistics

General Stats
  • This quiz has been taken 48 times
  • The average score is 9 of 28
Answer Stats
Language How they laugh online % Correct
English haha/LOL/LMAO/LMFAO
84%
Spanish jajaja/Jejeje/Jijiji
66%
Greek λολ/χαχα/χεχε/μπουχαχα
61%
Korean k-k-k-k-k/ㅋㅋㅋ/ㅎㅎㅎ
59%
Russian лол/бггггг/ололo
59%
Norwegian Høhøhø
55%
Japanese www/笑う/笑い
52%
Mandarin Chinese 23333/哈哈/呵呵呵呵
45%
Thai 55555555+
45%
French hehe/hihi/hoho/MDR/PTDR
43%
Vietnamese hihihi/khà khà khà/hô hô
41%
Danish Hæhæhæ
39%
Portuguese kkkkkkkk/rsrsrsrsrs
39%
German haha/LOL/*grins*/*lach*
34%
Arabic هههههههههه
30%
Persian farsi خخخخخخخخ
27%
Polish heheszki/haha
25%
Bengali মজাই মজা
23%
Italian ahahah/eheheh
20%
Swedish asg/asgarv
20%
Urdu هاهاها,ههههه=
16%
Ukrainian axaxaxaxaxax/a3a3a3a3
9%
Turkish jsjsjsjs/weqeqwqewqew
7%
Hindi Haha/Hehe
5%
Indonesian wkwkwk/wakaka/xixi
5%
Malay ha3ha3ha3ha3ha3
2%
Estonian IRW
0%
Lithuanian Cha Cha Cha
0%
No matching quizzes found
Score Distribution
Percent of People with Each Score
Percentile by Number Answered
Your Score History
You have not taken this quiz